Factores que promueven la permanencia de estudiantes en la educación secundaria /
Wedi'i Gadw mewn:
| Prif Awdur: | |
|---|---|
| Awduron Eraill: | |
| Fformat: | Llyfr |
| Iaith: | Spanish |
| Cyhoeddwyd: |
San José, Costa Rica.:
INIE,
2008
|
| Pynciau: | |
| Tagiau: |
Ychwanegu Tag
Dim Tagiau, Byddwch y cyntaf i dagio'r cofnod hwn!
|
MARC
| LEADER | 00000nam a2200000Ia 4500 | ||
|---|---|---|---|
| 008 | 160413b2008 cr ||||| |||| 00| | spa d | ||
| 090 | |a 06.02.01 |b 1385 CD #122 | ||
| 100 | 1 | |a Arguedas Negrini, Irma |9 1516 | |
| 245 | 1 | 0 | |a Factores que promueven la permanencia de estudiantes en la educación secundaria / |c Irma Arguedas Negrini, Flor Jiménez Segura |
| 260 | |a San José, Costa Rica.: |b INIE, |c 2008 | ||
| 300 | |a 100 páginas | ||
| 500 | |a Informe final Proyecto de Investigación N° 724-A6-302\ La Unidad posee el I y II Informe parcial del proyecto de investigación, 2006 | ||
| 650 | 0 | |a EDUCACIÓN |9 1 | |
| 650 | 0 | |a EDUCACIÓN SECUNDARIA |9 456 | |
| 650 | 0 | |9 5 |a ADOLESCENTES | |
| 650 | 0 | |a FACTORES DE PERMANENCIA |9 1377 | |
| 700 | 1 | |9 160 |a Jiménez Segura, Flor | |
| 942 | |i 003004 ,003541 ,002565,002237 |h 06.02.01 1385 CD #122 |2 z |c 04 | ||
| 999 | |c 1438 |d 1438 | ||
